| 000 | 01100cad a22002415a 4500 | ||
|---|---|---|---|
| 001 | E148722 | ||
| 008 | 091027s2009 xxkad f s 000 0 eng d | ||
| 035 | _a(Sirsi) u148722 | ||
| 041 | 0 | _aeng | |
| 050 | 0 | 4 | _a333.33 $2 18 |
| 110 | 2 |
_aRoyal Institution of Chartered Surveyors _bEconomics _95033 |
|
| 245 | 0 | 0 |
_aRICS commercial market survey _bthird quarter 2009 _h[electronic resource] |
| 260 |
_aLondon _bRICS _c2009 |
||
| 490 | 0 |
_aRICS Commercial Market Survey United Kingdom _vThird Quarter 2009 |
|
| 520 | _aReports that tenant demand has risen, although availability is still increasing. Suggests that rental declines are expected to ease, particularly in Central London offices, and that the pace of decline in values has halved for prime offices. | ||
| 521 | _aAdvanced | ||
| 590 | _aKA | ||
| 650 | 2 | 4 | _aRICS COMMERCIAL MARKET SURVEY |
| 651 | 4 |
_aUnited Kingdom _y |
|
| 690 | _aPROPERTY-COMMERCIAL PROPERTY-COMMERCIAL PROPERTY MARKET | ||
| 856 | 4 | 0 |
_uhttps://www.rics.org/site/download_feed.aspx?fileID=4553&fileExtension=PDF _zView the report free of charge at www.rics.org |
| 942 | _n0 | ||
| 999 |
_c110184 _d110184 |
||